00363cam a22001217a 4500008004000000082002000040100001800060245005200078260006200130300000900192650002200201650001800223180718b1991 xxu||||| |||| 00| 0 eng d aAPPPA 90-91 AGA aAgarwal, B.S. aRailway track: scenario 2001ADcby B.S. Agarwal aNew DelhibIndian Instiute of Public Administrationc1991 a72p. aTrack maintenance aRailway track